000 00689nam a2200241 a 4500
001 67474
003 BD-RjUL
005 20211209081647.0
008 170325s1955 e ||||| |||| 001 0 eng d
035 _a(BD-RjUL)67605
040 _aBD-RjUL
_beng
_cBD-RjUL
_dBD-RjUL
041 _aeng
082 _223
_a631.53
_bADP 1955
100 _aAdriance, G W
_9199935
245 1 0 _aPropagation of horticultural plants /
_cG W Adriance; Fred R Brison
250 _a2nd ed.
260 _aLondon :
_bMcGraw-hill book com.,
_c1955
300 _a298 p. :
_bill, ;
_c24 cm.
500 _aInclude index
650 _aPlant propagation.
_943606
700 _aBrison, Fred R
_9199936
942 _2ddc
_cBK
999 _c67474
_d67474